000 00250nam a2200097Ia 4500
008 120527s9999 xx 000 0 und d
100 _aBECKER,Hellen
245 _aTeaching ESL 19-12 views from the classroom.
260 _bThomas Learning
942 _cBK
999 _c23690
_d23690